000 00753nam a22002657a 4500
001 20469
003 UA-OsUOA
005 20210915215132.0
007 ta
008 20031029b un ||||| |||| 00| 0 ukr d
020 _a5-268-00502-2
040 _aUA-OsUOA
_brus
_cUA-OsUOA
_dUA-OsUOA
041 _arus
044 _aRU
080 _a911.375(470+571)
090 _a911.375(470+571)
_bЕ70
100 _aЕременко А.
245 _aИменем России нареченный
_cред. В. А. Голиков ; худ. В. И. Сапкин
260 _aМосква
_bСоветская Россия
_c1988
300 _a368 с.
_bІлюстрації
650 7 _2UDC
700 _aПодыма К.
942 _cBK
_2udc
955 _a0
999 _c306647
_d306647